Thesis Open Access
Lemi Banja Feyyisa
<?xml version='1.0' encoding='UTF-8'?>
<record xmlns="http://www.loc.gov/MARC21/slim">
<leader>00000nam##2200000uu#4500</leader>
<datafield tag="653" ind1=" " ind2=" ">
<subfield code="a">Discoursers Community, Ethiopian Population</subfield>
</datafield>
<controlfield tag="005">20251119072022.0</controlfield>
<controlfield tag="001">22023</controlfield>
<datafield tag="856" ind1="4" ind2=" ">
<subfield code="s">1468726</subfield>
<subfield code="z">md5:c3be155fbf2a332af9a4a2406fa442f9</subfield>
<subfield code="u">https://zenodo.org/record/22023/files/Lemi Banja's Final Thesis.pdf</subfield>
</datafield>
<datafield tag="542" ind1=" " ind2=" ">
<subfield code="l">open</subfield>
</datafield>
<datafield tag="260" ind1=" " ind2=" ">
<subfield code="c">2024-01-17</subfield>
</datafield>
<datafield tag="909" ind1="C" ind2="O">
<subfield code="o">oai:zenodo.org:22023</subfield>
</datafield>
<datafield tag="100" ind1=" " ind2=" ">
<subfield code="a">Lemi Banja Feyyisa</subfield>
</datafield>
<datafield tag="245" ind1=" " ind2=" ">
<subfield code="a">Arsi Oromo Youth proficiencies of Their Community Elders' Discourse of Jaarsummaa: Dhaddacha Gurraachaa Kebele, Oromia, Ethiopia in Focus</subfield>
</datafield>
<datafield tag="540" ind1=" " ind2=" ">
<subfield code="u">http://www.opendefinition.org/licenses/cc-by</subfield>
<subfield code="a">Creative Commons Attribution</subfield>
</datafield>
<datafield tag="650" ind1="1" ind2="7">
<subfield code="a">cc-by</subfield>
<subfield code="2">opendefinition.org</subfield>
</datafield>
<datafield tag="520" ind1=" " ind2=" ">
<subfield code="a"><p>Ethiopia is a country with a diverse population and a rich cultural heritage. This dissertation reports the result of the proficiencies of youths on the discourse of Arsi Oromo&rsquo;s community elders that was made during Jaarsummaa, Dhaddacha Gurraachaa Kebele, and Oromia, Ethiopia in focus. Although a critical analysis of the discourse of jaarsummaa among Arsi Oromo of Ethiopia was analized, the actual proficiencies of youths towards this discourses has been made to uncover. Previous studies were mainly focused on evaluating the qualities of justice served by mediators and analyzing the actual jaarsummaa discourse. They did not address the actual proficiencies youths towards their community elders&rsquo; discourses of Jaarsummaa. Hence, this study assessed the actual proficiencies of youths towards their community elders&rsquo; discourses of Jaarsummaa, the jaarsummaa discourses employed by community elders, and factors affecting youths&rsquo; proficiencies not to understand their community elders&rsquo; discourses of Jaarsummaa. To this end, primary sources of data were used to collect both qualitative and quantitative data. A survey instrument consists of structured and unstructured questionnaire, interview, and focus group discussions were carried out to achieve the research objectives. The researcher used Simple random sampling and purposive sampling methods to draw representatives from target population. The Sample size of the respondents was 229 of which 125 males and 104 females which compraises youths aged 18&mdash;35, prominent elders, various religious leaders, Abbaa Gadaa, Haadha Siinqee, kebele Manager and kebele Administrato. The result indicated that youths were not familiar with the Jaarsummaa discourses of their community elders employed at Jaarsummaa session. This unproficieny of youth towards their community elder&rsquo;s discourses of Jaarsummaa was affected by factors like gender difference where males more familiar than females, age difference which means youths of aged 26&mdash;35 were more proficient than youths aged 18&mdash;25, exposure to modern communication technologies which means unexposed youths understood the discourse than exposed youths. Youth&rsquo;s difference in their educational background has no any effect on their proficiency towards their community elders discourses of Jaarsummaa, which means both educated and uneducated youths either know or not know the discourse equally or in the same way. In general, to preserve the communities&rsquo; cultural traits it is nacassary to alleviate these problems by various concerned bodies and the communities as a whole.<br>
&nbsp;</p></subfield>
</datafield>
<datafield tag="773" ind1=" " ind2=" ">
<subfield code="n">doi</subfield>
<subfield code="i">isVersionOf</subfield>
<subfield code="a">10.20372/nadre:22022</subfield>
</datafield>
<datafield tag="024" ind1=" " ind2=" ">
<subfield code="a">10.20372/nadre:22023</subfield>
<subfield code="2">doi</subfield>
</datafield>
<datafield tag="980" ind1=" " ind2=" ">
<subfield code="a">publication</subfield>
<subfield code="b">thesis</subfield>
</datafield>
</record>
| All versions | This version | |
|---|---|---|
| Views | 0 | 0 |
| Downloads | 0 | 0 |
| Data volume | 0 Bytes | 0 Bytes |
| Unique views | 0 | 0 |
| Unique downloads | 0 | 0 |